|
|
|
|
| LEADER |
00000nam0a2200000 4500 |
| 001 |
295133 |
| 005 |
20231102000758.0 |
| 035 |
|
|
|a (RuTPU)RU\TPU\book\320209
|
| 090 |
|
|
|a 295133
|
| 100 |
|
|
|a 20150520d1972 k y0rusy50 ca
|
| 101 |
0 |
|
|a rus
|
| 102 |
|
|
|a RU
|
| 105 |
|
|
|a a z 001zy
|
| 200 |
1 |
|
|a Расчеты элементов баланса грунтовых вод. На основе гидрометеорологической информации
|e [монография]
|f И. Б. Вольфцун
|
| 210 |
|
|
|a Ленинград
|c Гидрометеоиздат
|d 1972
|
| 215 |
|
|
|a 272 с.
|c ил.
|
| 320 |
|
|
|a Библиогр.: с. 263-270.
|
| 606 |
1 |
|
|a Воды грунтовые
|x Баланс
|2 stltpush
|3 (RuTPU)RU\TPU\subj\3134
|9 31590
|
| 610 |
1 |
|
|a колебания уровня
|
| 610 |
1 |
|
|a расчеты
|
| 610 |
1 |
|
|a водоотдача
|
| 610 |
1 |
|
|a водосборы
|
| 610 |
1 |
|
|a малые водотоки
|
| 610 |
1 |
|
|a подземное питание
|
| 610 |
1 |
|
|a фильтрация
|
| 675 |
|
|
|a 556.324
|v 4
|
| 700 |
|
1 |
|a Вольфцун
|b И. Б.
|
| 801 |
|
1 |
|a RU
|b 63413507
|c 20150520
|
| 801 |
|
2 |
|a RU
|b 63413507
|c 20160506
|g RCR
|
| 942 |
|
|
|c BK
|